013380000a22002530004500003000900000005001700009008004100026040002800067041000800095100002600103245015300129246014600282260004500428300004300473502011000516520030200626530002200928653001400950653000900964653000900973700003200982700003701014856003301051EG-GICUC20250223025427.0080817s2008 ua dh f m 000 0 eng d aEG-GICUCbengcEG-GICUC0 aEng0 aKhaled Salah Mohammed10aDesign and FPGA implementation of a non data aided bluetooth 2.0 transceiver / cKhaled Salah Mohammed ; Supervised Serag Eldin Habib , Hisham Hamed15aتنفيذ دوائر ارسال واستقبال البلوتوث 2 باستخدام بوابات المنطق المبرمجه حقليا aCairo : bKhaled Salah Mohammed , c2008 a112P. : bcharts , facsimiles ; c30cm aThesis (M.Sc.) - Cairo University - Faculty Of Engineering - Department Of Electronics and Communications aClassical designs of the bluetooth receiver utilize data aided techniques to correct carrier frequency offsets and symbol timing errors non data aided techniques offer an alternate higher performance approach to correct the same problems at the penalty of an increased hardware complexity and cost aIssued also as CD 4aBluetooth 4aFPGA 4aVHDL0 aHisham Hamed , eSupervisor0 aSerag Eldin Habib , eSupervisor uhttp://172.23.153.220/th.pdf